Central Library OPAC University of Rajshahi

অর্ধশতাব্দী : (Record no. 44089)

MARC details
000 -LEADER
fixed length control field 01249nam a2200229 a 4500
001 - CONTROL NUMBER
control field 44089
003 - CONTROL NUMBER IDENTIFIER
rucl marc code BD-RjUL
005 - DATE AND TIME OF LATEST TRANSACTION
control field 20211209053810.0
008 - FIXED-LENGTH DATA ELEMENTS--GENERAL INFORMATION
fixed length control field 160713s1960 ii a|||| |||| 00| 0 ben d
035 ## - SYSTEM CONTROL NUMBER
System control number (BD-RjUL) 44207
040 ## - CATALOGING SOURCE
Original cataloging agency BD-RjUL
Language of cataloging ben
Transcribing agency BD-RjUL
041 ## - LANGUAGE CODE
Language code of text/sound track or separate title ben
082 ## - DEWEY DECIMAL CLASSIFICATION NUMBER
Edition number 23
Classification number 891.441092
Author mark and year ARD 1960
245 00 - TITLE STATEMENT
Title অর্ধশতাব্দী :
Remainder of title কবি বিমলচন্দ্র ঘোষের পঞ্চাশপূর্তিতে স্মারকগ্রন্থ /
Statement of responsibility, etc. নারায়ণ গঙ্গোপাধ্যায়, শুদ্ধসত্ত্ব বসু সম্পাদনায়
260 ## - PUBLICATION, DISTRIBUTION, ETC. (IMPRINT)
Place of publication, distribution, etc. কলিকাতা :
Name of publisher, distributor, etc. বিদ্যোদয় লাইব্রেরী প্রাইভেট লিমিটেড,
Date of publication, distribution, etc. ১৯৬০
300 ## - PHYSICAL DESCRIPTION
Pagination [১০], ১৩৫ পৃ. :
Illustrations চিত্র ;
Size ২১ সেমি.
600 ## - SUBJECT ADDED ENTRY--PERSONAL NAME
Personal name ঘোষ , বিমল চন্দ্র
Dates associated with a name ১৮৭৪-১৯৪৭
General subdivision জীবনী
Personal name Ghosh, Bimal Chandra
Dates associated with a name 1874-1947
General subdivision Biography
700 ## - ADDED ENTRY--PERSONAL NAME
Personal name গঙ্গোপাধ্যায়, নারায়ণ
Personal name বসু, শুদ্ধসত্ত্ব
942 ## - ADDED ENTRY ELEMENTS (KOHA)
Source of classification or shelving scheme Dewey Decimal Classification
Koha item type Books
Holdings
Lost status Source of classification or shelving scheme Damaged status Not for loan Collection code Permanent Location Current Location Shelving location Date acquired Source of acquisition Cost, normal purchase price Total Checkouts Full call number Date last seen Copy number Koha item type
  Dewey Decimal Classification     Non-fiction Central Library, University of Rajshahi Central Library, University of Rajshahi   28/11/1978 India International, Calcutta 8.00   891.441092 ARD 1960 13/07/2016 C-2 Books